John Lasseter Filmography - Statistics

General Stats
  • This quiz has been taken 8 times
    3 since last reset
  • The average score is 12 of 63
Answer Stats
Hint Answer % Correct
2006 Cars
100%
2011 Cars 2
100%
1998 A Bug's Life
67%
2017 Cars 3
67%
2017 Coco
67%
2015 Inside Out
67%
2015 The Good Dinosaur
67%
2004 The Incredibles
67%
2018 The Incredibles 2
67%
1995 Toy Story
67%
1999 Toy Story 2
67%
2010 Toy Story 3
67%
2019 Toy Story 4
67%
2012 Brave
33%
2016 Finding Dory
33%
2003 Finding Nemo
33%
2022 Lightyear
33%
2001 Monsters Inc.
33%
2013 Monsters University
33%
2009 Up
33%
2008 Wall-E
33%
1991 Beauty and the Beast
0%
1971 Bedknobs and Broomsticks
0%
2014 Big Hero Six
0%
2008 Bolt
0%
2000 Buzz Lightyear of Star Command: The Adventure Begins
0%
2007 Fog City Mavericks
0%
2013 Frozen
0%
2004 Howl's Moving Castle
0%
2012 John Carter
0%
2022 Luck
0%
2007 Meet the Robinsons
0%
2001 Mickey's Magical Christmas: Snowed in at the House of Mouse
0%
2016 Moana
0%
2013 Planes
0%
2014 Planes: Fire and Rescue
0%
2008 Ponyo
0%
TBD Pookoo
0%
1992 Porco Rosso
0%
2018 Ralph Breaks the Internet
0%
2007 Ratatouille
0%
TBD Ray Gunn
0%
2012 Secret of the Wings
0%
2024 Spellbound
0%
2001 Spirited Away
0%
2010 Tangled
0%
2016 The Angry Birds Movie
0%
1985 The Black Cauldron
0%
1987 The Brave Little Toaster
0%
1981 The Fox and the Hound
0%
2011 The Muppets
0%
2014 The Pirate Fairy
0%
2009 The Princess and the Frog
0%
2010 The Sorcerer's Apprentice
0%
2006 The Wild
0%
2008 Tinker Bell
0%
2010 Tinker Bell and the Great Fairy Rescue
0%
2014 Tinker Bell and the Legend of the NeverBeast
0%
2009 Tinker Bell and the Lost Treasure
0%
2011 Winnie the Pooh
0%
2012 Wreck-It Ralph
0%
1985 Young Sherlock Holmes
0%
2016 Zootopia
0%
No matching quizzes found
Score Distribution
Percent of People with Each Score
Percentile by Number Answered
Your Score History
You have not taken this quiz since the last reset